000 00750nam a2200253Ia 4500
003 OSt
005 20220924130626.0
006 a|||||r|||| 00| 0
007 ta
008 220923b |||||||| |||| 00| 0 san d
020 _c190
024 _a266058
037 _b80, 11/07/2012, Eastern Book Linkers
_cTextual
040 _aARTS
_cARTS
_bsan
041 _2san
_asan
082 _aR625x6,1, 15Q1
100 _aK. E. Madhusudanan
_9200346
245 0 _aSiddhantalaksanam
260 _aTirupati
_bRashtriya Sanskrit Vidyaengtha India
_c2011
300 _a174p.
_ccm.
650 _aPHILOSOPHY
942 _hR625x6,1, 15Q1
_cTEXL
_2CC
999 _c425004
_d425004